Digitazioni di Parole - "Esofagodermatodigiunoplastica" - Statistics

Statistiche generali
  • Questo quiz è stato fatto 38 volte
  • Il punteggio medio è 26 su 29
Statistiche sulle risposte
Lettera % Corretto
A
100%
E
100%
F
100%
O
100%
S
100%
D
97%
E
97%
G
97%
O
97%
A
93%
M
93%
R
93%
T
93%
O
90%
D
86%
G
86%
I
86%
I
86%
U
86%
A
83%
C
83%
I
83%
L
83%
N
83%
O
83%
P
83%
S
83%
T
83%
A
79%
Nessun quiz corrispondente trovato
Distribuzione punteggi
Percentuale di utenti per punteggio
Percentile per numero di risposta
I tuoi punteggi nel tempo
Non hai fatto questo quiz